000
00208 a2200097 4500
001
5801
100
_a
Clarke,LH
245
_a
Note Book in applied mathematics
260
_a
_b
William
_c
090
_c
4769
_d
4769
942
_a
NUST-CAE
_c
M
_c
31121
999
_c
240874
_d
240874